Countries Tina Turner has Visited - Statistics

General Stats
  • This quiz has been taken 51 times
  • The average score is 36 of 41
Answer Stats
Continent Country % Correct
Oceania Australia
100%
North America Canada
100%
Europe United Kingdom
100%
Europe Austria
98%
South America Brazil
98%
Europe France
98%
Europe Italy
98%
Oceania New Zealand
98%
Asia/ Europe Russia
98%
Europe Switzerland
98%
North America United States of America
98%
South America Argentina
95%
Europe Finland
95%
Europe Germany
95%
Europe Greece
95%
Europe Ireland
95%
Asia Japan
95%
Europe Spain
95%
Europe Hungary
90%
Europe Norway
90%
Europe Poland
90%
Europe Portugal
90%
Europe Sweden
90%
Europe Belgium
88%
Europe Denmark
88%
Europe the Netherlands
88%
Asia/ Europe Turkey
88%
Africa South Africa
85%
Europe Croatia
83%
Europe Czech Republic
83%
Europe Andorra
80%
Asia Indonesia
80%
Asia Thailand
80%
Europe Serbia
78%
Asia Taiwan
76%
Asia Singapore
73%
Europe Estonia
71%
Asia Israel
71%
Europe Luxembourg
66%
Asia Malaysia
56%
Europe Malta
54%
No matching quizzes found
Score Distribution
Percent of People with Each Score
Percentile by Number Answered
Your Score History
You have not taken this quiz